Inovácie a výzvy budúcnosti pre e-banking bakalárska práca

Enregistré dans:
Détails bibliographiques
Auteur principal: Lačný, Tomáš
Collectivité auteur: Národohospodárska fakulta EU. Katedra bankovníctva a medzinárodných financií
Autres auteurs: Moravová, Julianna
Format: Livre
Langue:slovaque
Publié: Bratislava 2010
Tags: Ajouter un tag
Pas de tags, Soyez le premier à ajouter un tag!

MARC

LEADER 00000nbm a2200000 4500
001 0132952
005 20161109111456.5
041 0 |a slo 
044 |a SK 
245 1 0 |a Inovácie a výzvy budúcnosti pre e-banking  |b bakalárska práca  |c Tomáš Lačný ; školiteľ: Julianna Moravová 
264 1 |a Bratislava  |c 2010 
300 |a 40 s. 
100 1 |a Lačný, Tomáš 
700 1 |a Moravová, Julianna 
710 2 |a Národohospodárska fakulta EU. Katedra bankovníctva a medzinárodných financií